ROBBINS & COTRAN PATHOLOGIC BASIS OF DISEASE (Record no. 22904)

MARC details
000 -LEADER
fixed length control field 00393nam a22001697a 4500
003 - CONTROL NUMBER IDENTIFIER
control field SGT
020 ## - INTERNATIONAL STANDARD BOOK NUMBER
International Standard Book Number 9788131262115
082 ## - DEWEY DECIMAL CLASSIFICATION NUMBER
Classification number 616.07
Item number R21K
100 ## - MAIN ENTRY--PERSONAL NAME
Personal name KUMAR, VINAY
245 ## - TITLE STATEMENT
Title ROBBINS & COTRAN PATHOLOGIC BASIS OF DISEASE
250 ## - EDITION STATEMENT
Edition statement 10TH
260 ## - PUBLICATION, DISTRIBUTION, ETC. (IMPRINT)
Place of publication, distribution, etc NEW DELHI
Name of publisher, distributor, etc ELSEVIER
Year of Publication 2021
300 ## - PAGE DESCRIPTION
No. of Pages I-51
650 ## - SUBJECT ADDED ENTRY--TOPICAL TERM
Topical term or geographic name as entry element PATHOLOGY
653 ## - KEYWORDS--INDEX TERM
Keyword term DISEASE,PATHOLOGY
942 ## - ADDED ENTRY ELEMENTS (KOHA)
Source of classification or shelving scheme Dewey Decimal Classification
Koha item type Books
942 ## - ADDED ENTRY ELEMENTS (KOHA)
-- 14
Holdings
Withdrawn status Lost status Source of classification or shelving scheme Damaged status Not for loan Collection code Home library Current library Shelving location Date acquired Vendor Name Cost, normal purchase price Volume Information (Serial or Books or Non-Book Material) SGTU Bill Number Total Checkouts Full call number Accession No. (Barcode) Date last seen Date last borrowed Bill Date Koha item type Checked out
    Dewey Decimal Classification     AYURVEDA SGT FA-FP Library SGT FA-FP Library Text Book 22/06/2022 AHUJA PUBLICATION 3040.00 1 SGTU 14473 11 616.07 R21K FA11401 18/12/2025 18/12/2025 19/05/2022 Books  
    Dewey Decimal Classification     AYURVEDA SGT FA-FP Library SGT FA-FP Library Text Book 22/06/2022 AHUJA PUBLICATION 3040.00 1 SGTU 14473 9 616.07 R21K FA11402 04/06/2026 04/06/2026 19/05/2022 Books 18/06/2026
    Dewey Decimal Classification     AYURVEDA SGT FA-FP Library SGT FA-FP Library Text Book 22/06/2022 AHUJA PUBLICATION 3040.00 2 SGTU 14473 1 616.07 R21K FA11403 25/04/2026 25/04/2026 19/05/2022 Books  
    Dewey Decimal Classification     AYURVEDA SGT FA-FP Library SGT FA-FP Library Text Book 22/06/2022 AHUJA PUBLICATION 3040.00 2 SGTU 14473 3 616.07 R21K FA11404 09/09/2025 27/08/2025 19/05/2022 Books